La fijación de alimentos provisorios a favor de niños, niñas y adolescentes : (Registro nro. 5874)
[ vista simple ]
| 000 -LEADER | |
|---|---|
| fixed length control field | 01310nab a22002297a 4500 |
| 003 - CONTROL NUMBER IDENTIFIER | |
| control field | OSt |
| 005 - DATE AND TIME OF LATEST TRANSACTION | |
| control field | 20260109012624.0 |
| 008 - FIXED-LENGTH DATA ELEMENTS--GENERAL INFORMATION | |
| fixed length control field | 190514b xxu||||| |||| 00| 0 spa d |
| 040 ## - CATALOGING SOURCE | |
| Transcribing agency | PJ |
| 100 ## - MAIN ENTRY--PERSONAL NAME | |
| 9 (RLIN) | 6756 |
| Personal name | Andriola, Karina A. |
| 245 13 - TITLE STATEMENT | |
| Title | La fijación de alimentos provisorios a favor de niños, niñas y adolescentes : |
| Remainder of title | entre la urgencia y la desigualdad estructural /<br/> |
| Statement of responsibility, etc | Karina A. Andriola, Ciro L. Battistina. |
| 300 ## - PHYSICAL DESCRIPTION | |
| Extent | p. 11-19 |
| 505 ## - FORMATTED CONTENTS NOTE | |
| Formatted contents note | Sumario: I. Introducción: ¿por qué se vuelve relevante hablar de alimentos “provisorios”?— II. Alimentos provisorios: ¿entre su recepción normativa y su importancia?— III. Pautas para su fijación.— IV. Proceso (a los fijes de fijar alimentos provisorios). ¿Un análisis comparativo entre las provincias de Chubut y Buenos Aires?— V. Algunas reflexiones: ¿la construcción de un ABC posible?. |
| 505 ## - FORMATTED CONTENTS NOTE | |
| Title | Si te interesa el texto, comunicate a koha@justierradelfuego.gov.ar |
| 600 #0 - SUBJECT ADDED ENTRY--PERSONAL NAME | |
| 9 (RLIN) | 6757 |
| 650 #0 - SUBJECT ADDED ENTRY--TOPICAL TERM | |
| 9 (RLIN) | 967 |
| Topical term or geographic name as entry element | DERECHO DE FAMILIA |
| 650 #0 - SUBJECT ADDED ENTRY--TOPICAL TERM | |
| 9 (RLIN) | 2741 |
| Topical term or geographic name as entry element | DERECHOS DE LAS NIÑAS, NIÑOS Y ADOLESCENTES |
| 650 #0 - SUBJECT ADDED ENTRY--TOPICAL TERM | |
| 9 (RLIN) | 6320 |
| Topical term or geographic name as entry element | ALIMENTOS PROVISORIOS |
| 700 ## - ADDED ENTRY--PERSONAL NAME | |
| 9 (RLIN) | 6757 |
| Personal name | Battistina, Ciro L. |
| Función | coautor |
| 773 0# - HOST ITEM ENTRY | |
| Host Biblionumber | 2844 |
| Host Itemnumber | 3222 |
| Place, publisher, and date of publication | Buenos Aires : AbeledoPerrot, 1989- |
| Title | Derecho de familia. N° 121 - Septiembre 2025 |
| International Standard Book Number | 18511201 |
| 942 ## - ADDED ENTRY ELEMENTS (KOHA) | |
| Source of classification or shelving scheme | |
| Koha item type | Analítica Artículo de Revista |
No hay ítems disponibles.
